[Event "Madrid ch veteranos 2008-2009"]
[Site "Madrid ESP"]
[Date "2009.02.10"]
[Round "2.10"]
[White "Garcia Esteban, Ignacio"]
[Black "Zamora Pastora, Roger"]
[Result "1-0"]
[WhiteElo "2072"]
[BlackElo "1601"]
[PlyCount "63"]
[EventDate "2009.02.09"]
[EventType "swiss"]
[EventRounds "9"]
[EventCountry "ESP"]
[Source "lmi"]
[SourceDate "2009.02.09"]

1. e4 e5 2. Nf3 Nc6 3. Bb5 Bc5 4. O-O Nge7 5. Nc3 O-O 6. Na4 Bd6 7. Be2 Ng6 8.
d3 Nd4 9. Nxd4 exd4 10. c4 Bxh2+ 11. Kxh2 Qh4+ 12. Kg1 d6 13. f4 f5 14. Qe1 Qe7
15. Bd1 Bd7 16. b3 c5 17. Bd2 Rae8 18. Bf3 Bc6 19. exf5 Qf6 20. Qf2 Nh4 21.
Bxc6 bxc6 22. Rfe1 Nxf5 23. Rxe8 Rxe8 24. Re1 Rf8 25. Nb2 h6 26. Nd1 Qg6 27.
Qe2 Kh7 28. Qe4 h5 29. Nf2 Kh6 30. g4 hxg4 31. Qh1+ Qh5 32. Nxg4+ 1-0

[Event "Madrid ch veteranos 2008-2009"]
[Site "Madrid ESP"]
[Date "2009.02.10"]
[Round "2.11"]
[White "Lastras Hernandez, Tomas"]
[Black "Pardo Robles, Jose Manuel"]
[Result "1/2-1/2"]
[WhiteElo "1936"]
[BlackElo "1946"]
[PlyCount "74"]
[EventDate "2009.02.09"]
[EventType "swiss"]
[EventRounds "9"]
[EventCountry "ESP"]
[Source "lmi"]
[SourceDate "2009.02.09"]

1. d4 Nf6 2. c4 g6 3. Nc3 Bg7 4. e4 d6 5. Nf3 O-O 6. Be2 e5 7. dxe5 dxe5 8.
Qxd8 Rxd8 9. Bg5 Re8 10. O-O Bg4 11. Rfd1 c6 12. Rd3 Nbd7 13. h3 Bxf3 14. Bxf3
h6 15. Be3 Bf8 16. Rad1 Nc5 17. R3d2 a5 18. g4 g5 19. Kg2 Ne6 20. Kg3 Bc5 21.
Na4 Bxe3 22. fxe3 Rad8 23. a3 Rxd2 24. Rxd2 Rd8 25. Rxd8+ Nxd8 26. b4 axb4 27.
axb4 b5 28. cxb5 cxb5 29. Nc3 Nc6 30. Nxb5 Nxb4 31. Nd6 Kf8 32. Nf5 Ng8 33. h4
Nc6 34. Bd1 Nce7 35. Nd6 Ng6 36. hxg5 hxg5 37. Bb3 f6 1/2-1/2

[Event "Madrid ch veteranos 2008-2009"]
[Site "Madrid ESP"]
[Date "2009.02.10"]
[Round "2.12"]
[White "Rodriguez Perez, Rene"]
[Black "Hernandez Del Can, Jose"]
[Result "1-0"]
[WhiteElo "2067"]
[BlackElo "1848"]
[PlyCount "105"]
[EventDate "2009.02.09"]
[EventType "swiss"]
[EventRounds "9"]
[EventCountry "ESP"]
[Source "lmi"]
[SourceDate "2009.02.09"]

1. e4 c5 2. Nf3 Nc6 3. Bb5 d6 4. d4 cxd4 5. Qxd4 Bd7 6. Bxc6 Bxc6 7. c4 Nf6 8.
Nc3 g6 9. O-O Bg7 10. Re1 O-O 11. Qd2 Qc7 12. Rb1 a5 13. b3 Ng4 14. h3 Ne5 15.
Nxe5 Bxe5 16. Nd5 Bxd5 17. exd5 a4 18. Bb2 Bxb2 19. Rxb2 Rfe8 20. Qd3 axb3 21.
axb3 b6 22. Rbe2 Ra7 23. Qd2 Qc5 24. Re4 Kg7 25. b4 Qc7 26. Rh4 h5 27. Qd4+ f6
28. Rhe4 Qd8 29. Re6 Rf8 30. c5 bxc5 31. bxc5 dxc5 32. Qxc5 Rd7 33. Rxe7+ Rxe7
34. Rxe7+ Rf7 35. Rxf7+ Kxf7 36. d6 Ke6 37. Qe3+ Kxd6 38. Qd3+ Ke7 39. Qxg6
Qd1+ 40. Kh2 Qe2 41. Qg3 Ke6 42. Qe3+ Qxe3 43. fxe3 Ke5 44. Kg3 Kf5 45. Kh4 Kg6
46. e4 Kh6 47. Kg3 Kg5 48. h4+ Kh6 49. Kf4 Kg6 50. g4 hxg4 51. Kxg4 Kg7 52. Kf5
Kf7 53. h5 1-0

[Event "Madrid ch veteranos 2008-2009"]
[Site "Madrid ESP"]
[Date "2009.02.10"]
[Round "2.13"]
[White "Fernandez Garcia, Ignacio"]
[Black "Fernandez Martinez, Jose"]
[Result "0-1"]
[WhiteElo "1973"]
[BlackElo "1775"]
[PlyCount "58"]
[EventDate "2009.02.09"]
[EventType "swiss"]
[EventRounds "9"]
[EventCountry "ESP"]
[Source "lmi"]
[SourceDate "2009.02.09"]

1. e4 e5 2. Nf3 Nc6 3. Bc4 Nf6 4. Nc3 Bc5 5. d3 d6 6. h3 h6 7. Be3 Bb6 8. g4
Na5 9. g5 Bxe3 10. fxe3 Nxc4 11. dxc4 hxg5 12. Rg1 g4 13. hxg4 Bxg4 14. Qe2 Rh3
15. Rf1 Qd7 16. O-O-O O-O-O 17. c5 a6 18. Qg2 Bxf3 19. Rxf3 Rxf3 20. Qxf3 Qe6
21. Rg1 Rg8 22. cxd6 cxd6 23. b3 Kb8 24. Kb2 Qd7 25. Na4 Qc6 26. Rf1 b5 27. Nc3
Rc8 28. Ne2 Qxc2+ 29. Ka1 Qd2 0-1

[Event "Madrid ch veteranos 2008-2009"]
[Site "Madrid ESP"]
[Date "2009.02.10"]
[Round "2.14"]
[White "Alfageme Sanchez, Jesus"]
[Black "Diaz Begonte, Manuel"]
[Result "1/2-1/2"]
[WhiteElo "1876"]
[BlackElo "1761"]
[PlyCount "118"]
[EventDate "2009.02.09"]
[EventType "swiss"]
[EventRounds "9"]
[EventCountry "ESP"]
[Source "lmi"]
[SourceDate "2009.02.09"]

1. e4 d5 2. exd5 Qxd5 3. Nc3 Qa5 4. d3 Nf6 5. Bd2 c6 6. Nf3 Bg4 7. Be2 Nbd7 8.
Ne4 Qc7 9. Nxf6+ exf6 10. h3 Bh5 11. Nh2 Bg6 12. O-O Bd6 13. Nf3 O-O 14. Nh4
Rfe8 15. Nxg6 hxg6 16. Bf3 Rad8 17. Be3 f5 18. Bd4 Ne5 19. Bxe5 Bxe5 20. c3 g5
21. Qc2 Qd7 22. d4 Bc7 23. g3 g6 24. Rae1 Kg7 25. Rxe8 Rxe8 26. Qd2 f4 27. g4
Qe6 28. d5 Qf6 29. dxc6 bxc6 30. Qd7 Re7 31. Qd2 Qe6 32. b3 f5 33. c4 fxg4 34.
hxg4 Rd7 35. Qc2 Qe5 36. Rd1 Re7 37. Bxc6 f3 38. Bxf3 Qh2+ 39. Kf1 Qh3+ 40. Bg2
Qxg4 41. Qc3+ Be5 42. Qf3 Qf5 43. Qxf5 gxf5 44. c5 Bc3 45. c6 Ba5 46. Rd7 Kf8
47. Rxe7 Kxe7 48. Ke2 Kd6 49. Kd3 Bb4 50. Kc4 a5 51. Kb5 Kc7 52. Ka4 g4 53. a3
Be1 54. b4 Bxf2 55. b5 f4 56. Kb3 f3 57. Bh1 Bb6 58. Kc2 Kd6 59. Kd3 Ke5
1/2-1/2

[Event "Madrid ch veteranos 2008-2009"]
[Site "Madrid ESP"]
[Date "2009.02.10"]
[Round "2.15"]
[White "Vicario Ramirez, Celestino"]
[Black "Garcia Lopez, Pedro"]
[Result "0-1"]
[WhiteElo "1607"]
[BlackElo "1854"]
[PlyCount "94"]
[EventDate "2009.02.09"]
[EventType "swiss"]
[EventRounds "9"]
[EventCountry "ESP"]
[Source "lmi"]
[SourceDate "2009.02.09"]

1. e4 c5 2. Nf3 d6 3. d4 cxd4 4. Nxd4 Nc6 5. Be3 e6 6. Nc3 a6 7. Be2 Bd7 8. O-O
Nf6 9. a4 Be7 10. f4 O-O 11. Bf3 Nxd4 12. Bxd4 Bc6 13. b3 Qc7 14. Qe1 e5 15.
fxe5 dxe5 16. Be3 Bb4 17. Bd2 Rad8 18. Rd1 Qa5 19. Nb1 Bxd2 20. Nxd2 Qc5+ 21.
Rf2 Qxc2 22. Nc4 Rxd1 23. Bxd1 Qxe4 24. Qxe4 Nxe4 25. Re2 f6 26. Bc2 Nc3 27.
Re3 Nd5 28. Rh3 h6 29. Na5 Nf4 30. Nxc6 Nxh3+ 31. gxh3 bxc6 32. Be4 Rc8 33. a5
Kf7 34. Kf2 Ke6 35. Ke3 f5 36. Bd3 Ra8 37. h4 h5 38. h3 g6 39. Bc4+ Ke7 40. Kf3
Ra7 41. Ke3 Kd6 42. Bg8 Kc5 43. Kd3 Kb4 44. Bc4 Kxa5 45. Kc3 c5 46. Be6 Re7 47.
Bd5 e4 0-1

[Event "Madrid ch veteranos 2008-2009"]
[Site "Madrid ESP"]
[Date "2009.02.10"]
[Round "2.16"]
[White "Gonzalo Gonzalez, Francisco"]
[Black "Arias de Reina Martinez, Francisco"]
[Result "1-0"]
[WhiteElo "1853"]
[BlackElo "1615"]
[PlyCount "63"]
[EventDate "2009.02.09"]
[EventType "swiss"]
[EventRounds "9"]
[EventCountry "ESP"]
[Source "lmi"]
[SourceDate "2009.02.09"]

1. e4 c5 2. Nf3 d6 3. c3 Nf6 4. e5 Nd5 5. Bc4 e6 6. O-O Be7 7. d4 Nb6 8. Bd3
Nc6 9. Re1 d5 10. Qc2 cxd4 11. cxd4 Nb4 12. Bb5+ Bd7 13. Bxd7+ Qxd7 14. Qe2 O-O
15. Nc3 Rac8 16. a3 Nc6 17. Qd3 a6 18. Bg5 Nc4 19. Bxe7 Qxe7 20. b4 b5 21. Ne2
f6 22. exf6 Qxf6 23. h4 Qf5 24. Qb3 Nd2 25. Nxd2 Qxf2+ 26. Kh2 Nxd4 27. Nxd4
Qxh4+ 28. Qh3 Qf4+ 29. Kh1 Qxd4 30. Qxe6+ Kh8 31. Nf3 Rxf3 32. Qxc8+ 1-0

[Event "Madrid ch veteranos 2008-2009"]
[Site "Madrid ESP"]
[Date "2009.02.10"]
[Round "2.17"]
[White "Leniz Martinez, Francisco"]
[Black "Aburto Renobales, Rafael"]
[Result "1/2-1/2"]
[WhiteElo "1847"]
[BlackElo "1534"]
[PlyCount "70"]
[EventDate "2009.02.09"]
[EventType "swiss"]
[EventRounds "9"]
[EventCountry "ESP"]
[Source "lmi"]
[SourceDate "2009.02.09"]

1. e4 c5 2. Nf3 d6 3. d3 e6 4. g3 Nf6 5. Bg2 Nc6 6. O-O e5 7. h3 b6 8. Re1 Be7
9. Nbd2 Bb7 10. Nf1 O-O 11. Ne3 Re8 12. g4 Bf8 13. Kh2 Qd7 14. Nh4 h6 15. Nef5
Nh7 16. Nf3 Ne7 17. Rg1 Bc8 18. Be3 f6 19. Rh1 g5 20. Kg1 Ng6 21. h4 Qf7 22.
hxg5 fxg5 23. Nxh6+ Bxh6 24. Rxh6 Qf6 25. Nh2 Kg7 26. Rh3 Nh4 27. Bf1 Rf8 28.
Qe2 Be6 29. c4 Rf7 30. Rc1 Raf8 31. Rc2 Qg6 32. Qd2 Nf3+ 33. Nxf3 Rxf3 34. Rxf3
Rxf3 35. Bg2 Bxg4 1/2-1/2

[Event "Madrid ch veteranos 2008-2009"]
[Site "Madrid ESP"]
[Date "2009.02.11"]
[Round "3.1"]
[White "Gabriel y Galan Acevedo, Jesus"]
[Black "Estrada Martinez, Cesar"]
[Result "0-1"]
[WhiteElo "1994"]
[BlackElo "2238"]
[PlyCount "122"]
[EventDate "2009.02.09"]
[EventType "swiss"]
[EventRounds "9"]
[EventCountry "ESP"]
[Source "lmi"]
[SourceDate "2009.02.09"]

1. e4 c5 2. Nf3 g6 3. c3 Bg7 4. Be2 d6 5. d4 cxd4 6. cxd4 Nf6 7. Nc3 O-O 8. O-O
h6 9. h3 b6 10. Be3 Bb7 11. d5 Na6 12. Nd4 Nc5 13. f3 Rc8 14. Qd2 Kh7 15. b4
Ncd7 16. Rac1 Re8 17. Ncb5 a6 18. Na7 Rxc1 19. Rxc1 Qa8 20. Nac6 e6 21. dxe6
fxe6 22. b5 Nc5 23. Nb4 a5 24. Na6 Re7 25. Nb3 Rd7 26. Bc4 Qe8 27. Naxc5 dxc5
28. Qc2 Qe7 29. a4 Nh5 30. Rd1 e5 31. Rxd7 Qxd7 32. Qd2 Qe7 33. Bd5 Bc8 34. Qc2
Nf4 35. Bxf4 exf4 36. Qd2 Qe5 37. Bc4 Be6 38. Bd5 c4 39. Bxe6 Qxe6 40. Nc1 Qe5
41. Ne2 c3 42. Qd5 c2 43. Qd2 Qb2 44. Kh2 c1=Q 45. Qxc1 Qxe2 46. Qxf4 Qc4 47.
h4 Qc5 48. g3 Qe5 49. Qxe5 Bxe5 50. f4 Bd4 51. Kg2 Kg7 52. Kf3 Kf6 53. g4 Ke6
54. Ke2 Bc3 55. g5 hxg5 56. hxg5 Bb2 57. Kf3 Bc1 58. Kg4 Kd6 59. Kf3 Kc5 60.
Kg4 Kd4 61. e5 Ke4 0-1

[Event "Madrid ch veteranos 2008-2009"]
[Site "Madrid ESP"]
[Date "2009.02.11"]
[Round "3.2"]
[White "Ciuro Munoz, Ricardo"]
[Black "Lopez Heras, Arturo"]
[Result "1-0"]
[WhiteElo "2071"]
[BlackElo "1943"]
[PlyCount "67"]
[EventDate "2009.02.09"]
[EventType "swiss"]
[EventRounds "9"]
[EventCountry "ESP"]
[Source "lmi"]
[SourceDate "2009.02.09"]

1. e4 e5 2. Nf3 Nc6 3. Bb5 f5 4. Nc3 fxe4 5. Nxe4 Nf6 6. d3 d5 7. Nc3 Bd6 8.
Bg5 a6 9. Ba4 b5 10. Bb3 Bb4 11. O-O Bxc3 12. bxc3 O-O 13. Re1 Qd6 14. a4 Bg4
15. axb5 axb5 16. Rxa8 Rxa8 17. h3 Bh5 18. g4 Bf7 19. Nxe5 Nxe5 20. Bf4 Nfd7
21. d4 Re8 22. dxe5 Nxe5 23. Kg2 Qf6 24. Qd4 c5 25. Qd2 c4 26. Ba2 d4 27. Bxe5
Bd5+ 28. Kf1 Qf3 29. Qxd4 Qxh3+ 30. Ke2 Bf3+ 31. Kd2 Qh4 32. Bxc4+ bxc4 33.
Qxc4+ Kf8 34. Bd6+ 1-0

[Event "Madrid ch veteranos 2008-2009"]
[Site "Madrid ESP"]
[Date "2009.02.11"]
[Round "3.3"]
[White "Fuentes Arjona, Antonio"]
[Black "Alvarez Escudero, Manuel"]
[Result "1-0"]
[WhiteElo "2043"]
[BlackElo "1935"]
[PlyCount "73"]
[EventDate "2009.02.09"]
[EventType "swiss"]
[EventRounds "9"]
[EventCountry "ESP"]
[Source "lmi"]
[SourceDate "2009.02.09"]

1. e4 e5 2. d4 exd4 3. f4 Bc5 4. Nf3 Nc6 5. Bd3 d6 6. a3 a6 7. O-O Nge7 8. Nbd2
d5 9. Kh1 dxe4 10. Nxe4 Ba7 11. Qe2 Bg4 12. Bd2 O-O 13. h3 Bf5 14. g4 Bd7 15.
Neg5 h6 16. Nh7 Re8 17. Qf2 f5 18. Nhg5 hxg5 19. Nxg5 Be6 20. Qh4 Qd5+ 21. Kh2
Kf8 22. Nh7+ Kg8 23. Ng5 Nd8 24. Rae1 Bf7 25. Qh7+ Kf8 26. Re5 Bg6 27. Qxg6
Nxg6 28. Rxd5 fxg4 29. Bxg6 Re2+ 30. Kg3 Rxd2 31. Re1 Nc6 32. Rf5+ Kg8 33. Bf7+
Kh8 34. hxg4 g6 35. Ne6 Rh2 36. Kxh2 gxf5 37. Kg3 1-0

[Event "Madrid ch veteranos 2008-2009"]
[Site "Madrid ESP"]
[Date "2009.02.11"]
[Round "3.4"]
[White "Perez Cameselle, Francisco"]
[Black "Rodriguez Bachiller, Luis"]
[Result "1-0"]
[WhiteElo "1996"]
[BlackElo "1888"]
[PlyCount "127"]
[EventDate "2009.02.09"]
[EventType "swiss"]
[EventRounds "9"]
[EventCountry "ESP"]
[Source "lmi"]
[SourceDate "2009.02.09"]

1. Nf3 c5 2. g3 b6 3. Bg2 Bb7 4. O-O Nf6 5. d3 e6 6. e4 d6 7. Nbd2 Be7 8. Qe2
Nc6 9. c3 O-O 10. Ne1 e5 11. f4 exf4 12. gxf4 Qc8 13. Kh1 Qg4 14. Qe3 Rfe8 15.
Rg1 Bf8 16. Bh3 Qh4 17. Ng2 Qh5 18. Qg3 Kh8 19. Ne3 Ne7 20. Bg2 Qg6 21. Qf2 Ng4
22. Nxg4 Qxg4 23. f5 Ng8 24. Bf3 Qh3 25. Rg3 Qh4 26. Qg2 Qd8 27. Nc4 b5 28. Ne3
Nf6 29. Ng4 Nxg4 30. Rxg4 g6 31. fxg6 fxg6 32. Bg5 Be7 33. Bxe7 Qxe7 34. Qg3
Rad8 35. Rg1 Qf6 36. Rf4 Qe5 37. Rf7 Qxg3 38. Rxg3 Rb8 39. Rh3 h5 40. Rf6 Kh7
41. Rg3 Rg8 42. Rxd6 Rbd8 43. Rxd8 Rxd8 44. e5 Bxf3+ 45. Rxf3 Rd5 46. Re3 Kg7
47. e6 Kf8 48. Kg2 Rg5+ 49. Kf3 Ke7 50. d4 cxd4 51. cxd4 a6 52. Re2 a5 53. h4
Rg4 54. Re4 Rxe4 55. Kxe4 Kxe6 56. Kf4 Kd5 57. Kg5 Kxd4 58. Kxg6 Ke5 59. Kxh5
Kf5 60. Kh6 Kf6 61. h5 b4 62. b3 Kf7 63. Kg5 Kg7 64. Kf5 1-0

[Event "Madrid ch veteranos 2008-2009"]
[Site "Madrid ESP"]
[Date "2009.02.11"]
[Round "3.5"]
[White "Pascual Perdiguero, Jose Maria"]
[Black "Garcia Esteban, Ignacio"]
[Result "0-1"]
[WhiteElo "1873"]
[BlackElo "2072"]
[PlyCount "86"]
[EventDate "2009.02.09"]
[EventType "swiss"]
[EventRounds "9"]
[EventCountry "ESP"]
[Source "lmi"]
[SourceDate "2009.02.09"]

1. c4 Nf6 2. Nf3 g6 3. g3 Bg7 4. Bg2 d6 5. Nc3 O-O 6. O-O c6 7. d3 Nbd7 8. Rb1
Qc7 9. Bd2 a5 10. a4 Nc5 11. Qc2 Bd7 12. b4 axb4 13. Rxb4 e5 14. e4 Ra7 15. Ra1
Rfa8 16. Rb2 b5 17. cxb5 cxb5 18. Nxb5 Bxb5 19. Rxb5 Rxa4 20. Rxa4 Rxa4 21. Bf1
Nfd7 22. Be3 Qc6 23. Qb1 h6 24. Bxc5 Nxc5 25. Rb6 Qc7 26. Qb5 Ra8 27. Nd2 Bf8
28. Nc4 Rd8 29. Rc6 Qa7 30. Qb6 Qxb6 31. Nxb6 Ne6 32. Nd5 Ra8 33. Nc7 Rc8 34.
Nxe6 Rxc6 35. Nxf8 Kxf8 36. Kg2 Rc2 37. Kf3 Ke7 38. h4 f5 39. exf5 gxf5 40. Ke3
Kf6 41. Bg2 Rb2 42. Bd5 Rb4 43. f3 f4+ 0-1

[Event "Madrid ch veteranos 2008-2009"]
[Site "Madrid ESP"]
[Date "2009.02.11"]
[Round "3.6"]
[White "Queimadelos Garcia, Victor"]
[Black "Campos Calvo-Sotelo, Juan"]
[Result "0-1"]
[WhiteElo "2082"]
[BlackElo "2057"]
[PlyCount "114"]
[EventDate "2009.02.09"]
[EventType "swiss"]
[EventRounds "9"]
[EventCountry "ESP"]
[Source "lmi"]
[SourceDate "2009.02.09"]

1. c4 e5 2. Nc3 Nc6 3. g3 f5 4. Bg2 Nf6 5. d3 Be7 6. e3 O-O 7. Nge2 d6 8. O-O
a6 9. Rb1 Qe8 10. b4 Bd7 11. Nd5 Nxd5 12. cxd5 Nd8 13. f4 Kh8 14. Nc3 Bf6 15.
Bd2 Nf7 16. Qc2 Rc8 17. e4 exf4 18. gxf4 c6 19. Rbe1 Qd8 20. Qb3 c5 21. e5 dxe5
22. bxc5 Rxc5 23. Be3 Rc8 24. Bb6 Rxc3 25. Bxd8 Rxb3 26. Bxf6 Rxd3 27. Bxe5 Rd2
28. Rf2 Rxf2 29. Kxf2 Rc8 30. Re2 Kg8 31. Rb2 b5 32. Ke3 g5 33. Bd4 Nd6 34. Kf3
Nc4 35. Re2 g4+ 36. Kg3 Kf7 37. Kh4 a5 38. Kh5 b4 39. h4 a4 40. Kh6 b3 41. axb3
axb3 42. d6 Be6 43. Bd5 Bxd5 44. Re7+ Kg8 45. d7 Rc6+ 46. Kh5 Rd6 47. Re8+ Kf7
48. d8=Q Rxd8 49. Rxd8 Ke6 50. Re8+ Kd6 51. Re2 g3 52. Kg5 Be4 53. Kf6 b2 54.
Bxb2 Nxb2 55. Rxb2 g2 56. Rd2+ Kc5 57. Rd1 h5 0-1

[Event "Madrid ch veteranos 2008-2009"]
[Site "Madrid ESP"]
[Date "2009.02.11"]
[Round "3.7"]
[White "Corredor Gonzalez, Angel L"]
[Black "Rodriguez Perez, Rene"]
[Result "1-0"]
[WhiteElo "1800"]
[BlackElo "2067"]
[PlyCount "55"]
[EventDate "2009.02.09"]
[EventType "swiss"]
[EventRounds "9"]
[EventCountry "ESP"]
[Source "lmi"]
[SourceDate "2009.02.09"]

1. e4 e6 2. d4 d5 3. Nc3 Nf6 4. e5 Nfd7 5. Nf3 c5 6. Be2 cxd4 7. Qxd4 Nc6 8.
Qf4 h6 9. O-O a6 10. Re1 b5 11. Bd3 Nc5 12. a3 b4 13. Ne2 Nxd3 14. cxd3 Bd7 15.
Bd2 a5 16. Ned4 Nxd4 17. Nxd4 bxa3 18. bxa3 Be7 19. Qg4 g6 20. Rec1 Qb6 21.
Rab1 Qa6 22. Rb3 h5 23. Qf3 Rc8 24. Rcb1 Bc5 25. Qf6 Rg8 26. Bg5 Rf8 27. Rb8
Ba4 28. Qd8+ 1-0

[Event "Madrid ch veteranos 2008-2009"]
[Site "Madrid ESP"]
[Date "2009.02.11"]
[Round "3.8"]
[White "Garcia Gutierrez, Jose"]
[Black "Gonzalo Gonzalez, Francisco"]
[Result "1-0"]
[WhiteElo "2060"]
[BlackElo "1853"]
[PlyCount "43"]
[EventDate "2009.02.09"]
[EventType "swiss"]
[EventRounds "9"]
[EventCountry "ESP"]
[Source "lmi"]
[SourceDate "2009.02.09"]

1. e4 c5 2. d4 cxd4 3. c3 dxc3 4. Nxc3 Nc6 5. Nf3 g6 6. Bc4 Bg7 7. e5 Nxe5 8.
Nxe5 Bxe5 9. Bxf7+ Kxf7 10. Qd5+ e6 11. Qxe5 Qf6 12. Qg3 Qf5 13. O-O Nf6 14.
Re1 h5 15. Bg5 Qg4 16. Qe3 d6 17. Nb5 Rd8 18. Rad1 Ke7 19. Nxd6 b6 20. Bxf6+
Kd7 21. Nxc8+ Kxc8 22. Rxd8+ 1-0

[Event "Madrid ch veteranos 2008-2009"]
[Site "Madrid ESP"]
[Date "2009.02.11"]
[Round "3.9"]
[White "Pardo Robles, Jose Manuel"]
[Black "Gonzalez Cespedes, Manuel"]
[Result "1-0"]
[WhiteElo "1946"]
[BlackElo "1836"]
[PlyCount "119"]
[EventDate "2009.02.09"]
[EventType "swiss"]
[EventRounds "9"]
[EventCountry "ESP"]
[Source "lmi"]
[SourceDate "2009.02.09"]

1. e4 e5 2. Nf3 Nc6 3. Bb5 a6 4. Ba4 Nf6 5. O-O b5 6. Bb3 Be7 7. Re1 d6 8. c3
Na5 9. Bc2 Bg4 10. h3 Bxf3 11. Qxf3 c5 12. d3 O-O 13. Nd2 Re8 14. Nf1 Rc8 15.
Ng3 g6 16. Bg5 Kh8 17. Rad1 Ng8 18. Bc1 Rf8 19. Qe2 Bg5 20. Bxg5 Qxg5 21. d4
Nf6 22. dxc5 dxc5 23. Rd6 Rc6 24. Red1 Rfc8 25. Rd8+ Rxd8 26. Rxd8+ Kg7 27. Qd1
Nb7 28. Rd2 Ne8 29. c4 Rd6 30. Rxd6 Nexd6 31. cxb5 axb5 32. a4 Qd8 33. Qd5 f6
34. axb5 Qa5 35. Bb3 Qd8 36. Ba2 Qe8 37. Ne2 Qf7 38. Nc3 Qxd5 39. Bxd5 Na5 40.
b6 Ndb7 41. Kf1 Kf8 42. Ke2 Ke7 43. Nb5 Kd7 44. Kd3 h6 45. Kc3 f5 46. b4 cxb4+
47. Kxb4 Nc6+ 48. Kc3 Nca5 49. Na3 Nd6 50. exf5 gxf5 51. Kb4 Ndb7 52. Nc4 Nc6+
53. Bxc6+ Kxc6 54. Na5+ Kxb6 55. Nxb7 Kxb7 56. Kc5 e4 57. Kd5 Kc7 58. Ke5 Kc6
59. Kxf5 Kd5 60. g4 1-0

[Event "Madrid ch veteranos 2008-2009"]
[Site "Madrid ESP"]
[Date "2009.02.11"]
[Round "3.10"]
[White "Beekhof Harmsen, Willen"]
[Black "Ramos Orea, Tomas"]
[Result "1-0"]
[WhiteElo "1942"]
[BlackElo "1786"]
[PlyCount "77"]
[EventDate "2009.02.09"]
[EventType "swiss"]
[EventRounds "9"]
[EventCountry "ESP"]
[Source "lmi"]
[SourceDate "2009.02.09"]

1. d4 d5 2. Nf3 Bf5 3. e3 e6 4. c4 Nf6 5. Nc3 c6 6. cxd5 exd5 7. Ne5 Bd6 8. Qf3
Bg6 9. Nxg6 hxg6 10. Bd3 Qb6 11. g3 Nbd7 12. Rb1 Nf8 13. Bd2 Ne6 14. b4 a6 15.
Na4 Qc7 16. Nc5 Ng5 17. Qg2 Kf8 18. h4 Ngh7 19. Qf3 Re8 20. Kf1 Kg8 21. Kg2 Nf8
22. Rbe1 Bxc5 23. bxc5 Ne4 24. Qe2 f5 25. Rb1 Ne6 26. f4 Nf6 27. Qf3 Ng4 28.
Rb2 Nf6 29. Rhb1 Nd8 30. Rb3 Ne4 31. Bxe4 fxe4 32. Qg4 Rh6 33. Rb6 Re7 34. Ba5
Qd7 35. Qxd7 Rxd7 36. R6b3 b5 37. cxb6 Nb7 38. Bb4 Kf7 39. Ra3 1-0

[Event "Madrid ch veteranos 2008-2009"]
[Site "Madrid ESP"]
[Date "2009.02.11"]
[Round "3.11"]
[White "Olano Lanchas, Dionisio"]
[Black "Lastras Hernandez, Tomas"]
[Result "0-1"]
[WhiteElo "1838"]
[BlackElo "1936"]
[PlyCount "112"]
[EventDate "2009.02.09"]
[EventType "swiss"]
[EventRounds "9"]
[EventCountry "ESP"]
[Source "lmi"]
[SourceDate "2009.02.09"]

1. e4 e5 2. Bc4 Nc6 3. a3 Nf6 4. d3 Bc5 5. Bg5 O-O 6. Nf3 d6 7. h3 a6 8. c3 h6
9. Bh4 Bd7 10. Nbd2 Na5 11. Ba2 Ba7 12. b4 Nc6 13. a4 Nb8 14. Bb3 Qe7 15. O-O
Be6 16. c4 Nc6 17. b5 Nd4 18. Nxd4 Bxd4 19. Rb1 axb5 20. cxb5 c5 21. Nf3 Bc3
22. Qc2 Bb4 23. Bd5 Bxd5 24. exd5 g5 25. Nxg5 hxg5 26. Bxg5 Kg7 27. f4 Qd7 28.
fxe5 Nxd5 29. Qc1 Qe6 30. d4 Rg8 31. Bf6+ Kf8 32. Qh6+ Ke8 33. exd6 Nxf6 34.
Rxf6 Qe4 35. Rb2 Qxd4+ 36. Rbf2 Be1 37. d7+ Kd8 38. Rxf7 Bxf2+ 39. Rxf2 Kxd7
40. Qh7+ Rg7 41. Qf5+ Kc7 42. Kh1 Rxa4 43. Qf3 Ra1+ 44. Kh2 Qd6+ 45. g3 Kb6 46.
Qe3 Qd4 47. Rf6+ Kc7 48. b6+ Kd7 49. Qxd4+ cxd4 50. g4 d3 51. Rf3 Ra2+ 52. Kg3
d2 53. Rd3+ Kc6 54. Rc3+ Kd5 55. Rd3+ Kc4 56. Rd6 Ra3+ 0-1

[Event "Madrid ch veteranos 2008-2009"]
[Site "Madrid ESP"]
[Date "2009.02.11"]
[Round "3.12"]
[White "Fernandez Martinez, Jose"]
[Black "Ortega Morales, Pedro"]
[Result "0-1"]
[WhiteElo "1775"]
[BlackElo "1892"]
[PlyCount "74"]
[EventDate "2009.02.09"]
[EventType "swiss"]
[EventRounds "9"]
[EventCountry "ESP"]
[Source "lmi"]
[SourceDate "2009.02.09"]

1. d4 Nf6 2. c4 c5 3. d5 b5 4. cxb5 a6 5. Nc3 axb5 6. Nxb5 Qa5+ 7. Nc3 Ba6 8.
g3 d6 9. Bg2 g6 10. e4 Nbd7 11. Nge2 Bg7 12. f4 Rb8 13. O-O O-O 14. Qc2 e5 15.
dxe6 fxe6 16. Rd1 Qc7 17. Bh3 Rfe8 18. Bg2 c4 19. Qd2 Bf8 20. Bf3 Nc5 21. Qc2
Nd3 22. Rf1 Qa7+ 23. Kg2 Bg7 24. Rb1 Nd7 25. Bd2 N7c5 26. Nd1 e5 27. Ne3 exf4
28. Nxf4 Nxe4 29. Nxd3 cxd3 30. Qd1 Nxd2 31. Qxd2 Qxe3 32. Qa5 Qb6 33. Qd5+ Kh8
34. Qf7 Rf8 35. Qe7 d2 36. Rf2 Bb7 37. Rd1 Bxf3+ 0-1

[Event "Madrid ch veteranos 2008-2009"]
[Site "Madrid ESP"]
[Date "2009.02.11"]
[Round "3.14"]
[White "Garcia Lopez, Pedro"]
[Black "Martinez Miura, Enrique"]
[Result "1-0"]
[WhiteElo "1854"]
[BlackElo "1735"]
[PlyCount "83"]
[EventDate "2009.02.09"]
[EventType "swiss"]
[EventRounds "9"]
[EventCountry "ESP"]
[Source "lmi"]
[SourceDate "2009.02.09"]

1. d4 e6 2. c4 d5 3. e3 Nf6 4. Nc3 Be7 5. Nf3 O-O 6. Qc2 c6 7. Bd2 Nbd7 8. cxd5
exd5 9. Bd3 h6 10. O-O Bd6 11. e4 dxe4 12. Nxe4 Nxe4 13. Bxe4 Nf6 14. Rfe1 Re8
15. Bf5 Bxf5 16. Qxf5 Qd7 17. Qd3 Rad8 18. a3 Rxe1+ 19. Rxe1 c5 20. Bc3 Qc7 21.
g3 c4 22. Qf5 Bf8 23. Re5 Bd6 24. Re1 Bf8 25. Qc2 b5 26. Qd2 Qb7 27. Ne5 Ne4
28. Qc2 Ng5 29. f3 Nxf3+ 30. Nxf3 Qxf3 31. Rf1 Qe3+ 32. Kh1 Re8 33. Qf5 Qe4+
34. Kg1 Qe3+ 35. Rf2 f6 36. Qxb5 Qe6 37. Bd2 Bd6 38. Bc3 Rb8 39. Qa4 Qd5 40.
Qxa7 h5 41. Qd7 g6 42. Rxf6 1-0

[Event "Madrid ch veteranos 2008-2009"]
[Site "Madrid ESP"]
[Date "2009.02.11"]
[Round "3.15"]
[White "Rodriguez Lopez-Cañizares, Francisco"]
[Black "Alfageme Sanchez, Jesus"]
[Result "0-1"]
[WhiteElo "1693"]
[BlackElo "1876"]
[PlyCount "76"]
[EventDate "2009.02.09"]
[EventType "swiss"]
[EventRounds "9"]
[EventCountry "ESP"]
[Source "lmi"]
[SourceDate "2009.02.09"]

1. e4 Nc6 2. Nf3 e5 3. d4 exd4 4. Nxd4 Ne5 5. f4 Ng6 6. Bc4 Nf6 7. e5 Ne4 8.
O-O Bc5 9. Nc3 Nxc3 10. bxc3 O-O 11. Kh1 d5 12. Bd3 c6 13. Ne2 Bg4 14. Qe1 Qd7
15. Qg3 Bf5 16. Rb1 b6 17. Nd4 Bxd3 18. cxd3 Bxd4 19. cxd4 Qf5 20. Ba3 Rfc8 21.
Bd6 Nf8 22. Qe3 Ne6 23. Rbc1 c5 24. dxc5 bxc5 25. h3 h5 26. Rf3 d4 27. Qe4 Qxe4
28. dxe4 c4 29. f5 Ng5 30. Rf4 d3 31. Be7 d2 32. Rd1 c3 33. Ba3 Rc4 34. Bc1
Nxe4 35. Bxd2 cxd2 36. Rff1 Ng3+ 37. Kg1 Nxf1 38. Kxf1 Rd8 0-1